| 000 | 00000nam 2200000zi 4500 |
| 001 | 9.937733 |
| 003 | CaOODSP |
| 005 | 20240716092057 |
| 006 | m o d f |
| 007 | cr mn||||||||| |
| 008 | 240503t20242024onc ob f000 0 eng d |
| 020 | |a9780660717487 |
| 040 | |aCaOODSP|beng|erda|cCaOODSP |
| 043 | |an-cn--- |
| 045 | |ay2y2 |
| 086 | 1 |aHP5-245/2024E-PDF |
| 245 | 00|aVulnerable and hard-to-reach populations COVID-19 immunization coverage survey (VHCICS) 2024 : |bmethodological report / |cprepared for the Public Health Agency of Canada. |
| 264 | 1|aOttawa, Ontario : |bPublic Health Agency of Canada = Agence de la santé publique du Canada, |c2024. |
| 264 | 4|c©2024 |
| 300 | |a1 online resource (48 pages) + |eexecutive summary (5 pages) |
| 336 | |atext|btxt|2rdacontent |
| 337 | |acomputer|bc|2rdamedia |
| 338 | |aonline resource|bcr|2rdacarrier |
| 500 | |aCover title. |
| 500 | |aIssued also in French under title: Enquête sur la couverture vaccinale contre la COVID-19 auprès des populations vulnérables et difficiles à atteindre (ECVCVD) 2024 : rapport méthodologique. |
| 500 | |a"Supplier name: Advanis Inc." |
| 500 | |a"Contract number: 6D142-23-5012." |
| 500 | |a"Registration number: POR 092-23." |
| 500 | |a"Delivery date: May 7, 2024." |
| 504 | |aIncludes bibliographical references. |
| 520 | |a"The primary objective of this surveillance project was to maintain a surveillance tool to gain a better understanding of COVID-19 coverage-related information in select vulnerable and hard-to-reach populations. Specifically, this survey aimed to collect information on: COVID-19 immunization status; Seasonal influenza immunization status; Intent to get vaccinated for those not yet vaccinated against COVID-19; Intent to get vaccinated against flu and respiratory syncytial virus (RSV); Reasons for non-vaccination (including barriers); Knowledge, attitudes and beliefs toward COVID-19 vaccines; Sources of information on COVID-19 vaccines accessed by respondents; Socio-demographic characteristics that are linked to inequalities in vaccination uptake"--Objectives, page 4. |
| 650 | 0|aCOVID-19 vaccines|zCanada|xPublic opinion. |
| 650 | 0|aCOVID-19 (Disease)|xVaccination|zCanada|xPublic opinion. |
| 650 | 0|aPublic opinion|zCanada. |
| 710 | 2 |aPublic Health Agency of Canada, |eissuing body. |
| 710 | 2 |aAdvanis (Firm), |econsultant. |
| 775 | 08|tEnquête sur la couverture vaccinale contre la COVID-19 auprès des populations vulnérables et difficiles à atteindre (ECVCVD) 2024 : |w(CaOODSP)9.937738 |
| 795 | |tVulnerable and hard-to-reach populations COVID-19 immunization coverage survey (VHCICS) : |b2023|w(CaOODSP)9.923816 |
| 856 | 40|qPDF|s1.16 MB|uhttps://publications.gc.ca/collections/collection_2024/aspc-phac/HP5-245-2024-eng.pdf|zMethodological report |
| 856 | 40|qPDF|s295 KB|uhttps://publications.gc.ca/collections/collection_2024/aspc-phac/HP5-245-2024-1-eng.pdf|zExecutive summary |
| 856 | 4 |qHTML|sN/A|uhttps://epe.bac-lac.gc.ca/100/200/301/pwgsc-tpsgc/por-ef/public_health_agency_canada/2024/092-23-e/POR092-23-report.html|zMethodological report |
| 856 | 4 |qHTML|sN/A|uhttps://epe.bac-lac.gc.ca/100/200/301/pwgsc-tpsgc/por-ef/public_health_agency_canada/2024/092-23-e/summary/POR092-23-summary.html|zExecutive summary |